[Event "Olympiad Women-44"]
[Site "Chennai"]
[Date "2022.08.09"]
[Round "11.3"]
[White "Terao, Juliana Sayumi"]
[Black "Penafiel Mendoza, Josselyne Stefania"]
[Result "1-0"]
[WhiteElo "2223"]
[BlackElo "1804"]
[PlyCount "59"]
[EventDate "2022.07.29"]
[EventType "team-swiss"]
[EventRounds "11"]
[EventCountry "IND"]
[SourceTitle "CBM 210"]
[Source "ChessBase"]
[SourceDate "2022.10.31"]
[SourceVersion "1"]
[SourceVersionDate "2022.10.31"]
[SourceQuality "1"]
[WhiteTeam "Brazil (W)"]
[BlackTeam "Ecuador (W)"]
[WhiteTeamCountry "BRA"]
[BlackTeamCountry "ECU"]

1. e4 c5 2. c3 Nf6 3. e5 Nd5 4. Nf3 e6 5. d4 cxd4 6. cxd4 d6 7. Bc4 Nb6 8. Bd3 Nc6 9. a3 dxe5 10. dxe5 Qc7 11. Bf4 Nd5 12. Bg3 b6 13. 0-0 Bb7 14. Qe2 g6 15. Nbd2 Bg7 16. Rac1 0-0 17. h4 Nde7 18. Bh2 Qd7 19. Ne4 Qd5 20. Rfd1 Nxe5 21. Bxe5 Bxe5 22. Bb1 Qa5 23. b4 Qxa3 24. Nxe5 Qxb4 25. Nf6+ Kg7 26. Ned7 Rfd8 27. Qe5 Qxh4 28. Rd4 Nc6 29. Ne8+ Kg8 30. Qg7# 1-0

[Event "Olympiad Women-44"]
[Site "Chennai"]
[Date "2022.08.01"]
[Round "4.3"]
[White "Argote Heredia, Valentina"]
[Black "Penafiel Mendoza, Josselyne Stefania"]
[Result "1/2-1/2"]
[WhiteElo "2205"]
[BlackElo "1804"]
[PlyCount "128"]
[EventDate "2022.07.29"]
[EventType "team-swiss"]
[EventRounds "11"]
[EventCountry "IND"]
[SourceTitle "CBM 210"]
[Source "ChessBase"]
[SourceDate "2022.10.31"]
[SourceVersion "1"]
[SourceVersionDate "2022.10.31"]
[SourceQuality "1"]
[WhiteTeam "Colombia (W)"]
[BlackTeam "Ecuador (W)"]
[WhiteTeamCountry "COL"]
[BlackTeamCountry "ECU"]

1. e4 c5 2. Nf3 d6 3. d4 cxd4 4. Nxd4 Nf6 5. Nc3 a6 6. f3 e5 7. Nb3 Be6 8. Be3 Be7 9. Qd2 Nbd7 10. 0-0-0 b5 11. Nd5 Bxd5 12. exd5 Nb6 13. Bxb6 Qxb6 14. g4 0-0 15. g5 Nh5 16. h4 a5 17. Kb1 a4 18. Nc1 b4 19. Bh3 Ra5 20. Ne2 b3 21. cxb3 axb3 22. a3 f5 23. Qd3 g6 24. Rc1 Rb8 25. Rc3 Bf8 26. Rhc1 Raa8 27. Qc4 Nf4 28. Bf1 Bg7 29. Qc6 Qf2 30. Qc4 Nxe2 31. Qxe2 Qxh4 32. Qe3 e4 33. Rxb3 Qh2 34. Rc2 Qe5 35. Bc4 Rxb3 36. Bxb3 Rb8 37. Ka2 exf3 38. Qxf3 f4 39. Qh3 Qe3 40. Rc8+ Rxc8 41. Qxc8+ Kf7 42. Qe6+ Qxe6 43. dxe6+ Ke7 44. Bd5 Bd4 45. b4 f3 46. Bxf3 Kxe6 47. a4 d5 48. a5 Kd6 49. Kb3 Be3 50. b5 Bxg5 51. b6 Kc6 52. a6 Kxb6 53. Bxd5 Be3 54. Bg8 h6 55. Bf7 g5 56. a7 Kxa7 57. Bh5 Kb6 58. Kc4 Kc6 59. Kd3 Bc1 60. Ke4 Kc5 61. Kf5 Kd4 62. Kg4 Ke5 63. Bg6 Kf6 64. Bh5 Ke5 1/2-1/2

[Event "Las Americas Team op U2400 Hybrid"]
[Site "Internet"]
[Date "2022.05.14"]
[Round "5.2"]
[White "Penafiel Mendoza, Josselyne Stefania"]
[Black "Rodriguez, Fabian"]
[Result "1-0"]
[WhiteElo "1792"]
[BlackElo "1496"]
[PlyCount "113"]
[EventDate "2022.05.14"]
[EventType "team-swiss"]
[EventRounds "5"]
[EventCountry "VEN"]
[SourceTitle "EXT 2023"]
[Source "ChessBase"]
[SourceDate "2022.10.05"]
[SourceVersion "1"]
[SourceVersionDate "2022.10.05"]
[SourceQuality "1"]

1. d4 Nf6 2. c4 e6 3. Nf3 d5 4. Nc3 c6 5. Bg5 Nbd7 6. e3 Bb4 7. Nd2 Qa5 8. Qc2 dxc4 9. Bxf6 Nxf6 10. Bxc4 Bxc3 11. Qxc3 Qxc3 12. bxc3 0-0 13. Rb1 b6 14. Be2 Nd5 15. Rb3 Bd7 16. c4 Ne7 17. Bf3 Rfd8 18. g3 Rab8 19. Ne4 b5 20. Nc5 Be8 21. 0-0 bxc4 22. Ra3 Nc8 23. Rc1 Nb6 24. Rxa7 Ra8 25. Rb7 Nd5 26. a4 Rdb8 27. Rxc4 Rxb7 28. Nxb7 Rb8 29. Nd6 Rb1+ 30. Kg2 Rb2 31. Bxd5 exd5 32. Rc5 Bd7 33. Ra5 Kf8 34. Ra7 Ke7 35. Nxf7 Kxf7 36. Rxd7+ Kf8 37. a5 Ra2 38. Ra7 h6 39. a6 Kg8 40. Ra8+ Kf7 41. a7 Kg6 42. g4 Ra4 43. Kg3 Kf7 44. h4 g6 45. f4 Kg7 46. g5 h5 47. Kf3 Kh7 48. Rc8 Rxa7 49. Rxc6 Rd7 50. f5 gxf5 51. Rh6+ Kg7 52. Rxh5 Re7 53. Rh6 Re4 54. Rf6 Rxh4 55. Rxf5 Rh3+ 56. Kf2 Kg6 57. Rxd5 1-0

[Event "South America-ch U20 Girls"]
[Site "Guayaquil"]
[Date "2021.11.05"]
[Round "6"]
[White "Hilario Huaranca, Aleyla Karen"]
[Black "Penafiel Mendoza, Josselyne Stefania"]
[Result "1-0"]
[WhiteElo "1950"]
[BlackElo "1782"]
[PlyCount "91"]
[EventDate "2021.11.02"]
[EventType "swiss"]
[EventRounds "9"]
[EventCountry "ECU"]
[SourceTitle "CBM 205 Extra"]
[Source "ChessBase"]
[SourceDate "2022.01.31"]
[SourceVersion "1"]
[SourceVersionDate "2022.01.31"]
[SourceQuality "1"]

1. d4 Nf6 2. Nf3 g6 3. g3 Bg7 4. Bg2 0-0 5. c4 d6 6. 0-0 Nbd7 7. Nc3 e5 8. e4 exd4 9. Nxd4 Re8 10. h3 Nc5 11. Re1 a5 12. Ndb5 Bd7 13. Qc2 Bxb5 14. Nxb5 c6 15. Nc3 Qc7 16. Be3 Qe7 17. Bd4 Ne6 18. Be3 g5 19. Qe2 Nd7 20. Rad1 Rad8 21. Qd2 Ne5 22. b3 g4 23. hxg4 Nxg4 24. Bb6 Rd7 25. f3 Bh6 26. Qc2 Ne5 27. f4 Ng4 28. Qe2 Nf6 29. Qf3 Bg7 30. Bf2 Kh8 31. Bh3 Rdd8 32. Kg2 Rg8 33. Ne2 a4 34. Bf5 Nf8 35. Rh1 Re8 36. Nc3 axb3 37. axb3 Ng6 38. Rh2 b5 39. Rdh1 h6 40. cxb5 cxb5 41. Nxb5 Nxe4 42. Bxe4 Qxe4 43. Qxe4 Rxe4 44. Nxd6 Re7 45. Nf5 Rb7 46. Rxh6+ 1-0

[Event "Guayaquil zt 2.4 (Women)"]
[Site "Guayaquil"]
[Date "2019.04.10"]
[Round "2"]
[White "Ortiz Verdesoto, Anahi Eduarda"]
[Black "Penafiel Mendoza, Josselyne Stefania"]
[Result "0-1"]
[WhiteElo "2076"]
[BlackElo "1778"]
[PlyCount "144"]
[EventDate "2019.04.09"]
[EventType "tourn"]
[EventRounds "9"]
[EventCountry "ECU"]
[SourceTitle "CBM 189 Extra"]
[Source "ChessBase"]
[SourceDate "2019.06.03"]
[SourceVersion "1"]
[SourceVersionDate "2019.06.03"]
[SourceQuality "1"]

1. d4 Nf6 2. c4 g6 3. Nc3 Bg7 4. e4 d6 5. h3 0-0 6. Nf3 e5 7. d5 a5 8. Bg5 Na6 9. Nd2 Nc5 10. Be2 Bd7 11. b3 h6 12. Be3 Ne8 13. 0-0 f5 14. exf5 gxf5 15. Qc2 Na6 16. f3 Qf6 17. Rac1 Nb4 18. Qb1 c5 19. dxc6 bxc6 20. a3 Na6 21. Na4 f4 22. Bf2 Bf5 23. Bd3 Qg6 24. Bxf5 Rxf5 25. b4 axb4 26. axb4 Nac7 27. Nb6 Rb8 28. b5 cxb5 29. cxb5 Rg5 30. Qa2+ Kh7 31. Qa7 Rxb6 32. Qxb6 Nd5 33. Qc6 Ne3 34. Qe4 Nf5 35. g4 fxg3 36. Be3 Rh5 37. f4 d5 38. Qf3 e4 39. Nxe4 dxe4 40. Qxe4 Ned6 41. Qd3 Nxe3 42. Qxg6+ Kxg6 43. Rc6 Rd5 44. Rfc1 Bd4 45. b6 Nec4+ 46. Kg2 Nxb6 47. Kxg3 Kf5 48. Kf3 Nd7 49. Rd1 Nf6 50. Rc7 Bb6 51. Rxd5+ Nxd5 52. Rh7 Kg6 53. Rd7 Bc5 54. Rd8 Nc7 55. Rg8+ Kf7 56. Rh8 Kg7 57. Rd8 Ne6 58. Ra8 h5 59. f5 Nxf5 60. Ke4 Kf6 61. Ra6 Ne7 62. Kf3 Kf5 63. Kg3 Ng6 64. Ra1 h4+ 65. Kf3 Ne5+ 66. Kg2 Nf4+ 67. Kh2 Nf3+ 68. Kh1 Bd4 69. Rf1 Ke4 70. Rb1 Nxh3 71. Rb7 Nf2+ 72. Kg2 h3+ 0-1

[Event "Pan American-ch U20 Girls"]
[Site "Guayaquil"]
[Date "2018.06.20"]
[Round "2"]
[White "Penafiel Mendoza, Josselyne Stefania"]
[Black "Ortiz Verdesoto, Anahi Eduarda"]
[Result "1/2-1/2"]
[WhiteElo "1793"]
[BlackElo "1974"]
[PlyCount "156"]
[EventDate "2018.06.19"]
[EventType "swiss"]
[EventRounds "9"]
[EventCountry "ECU"]
[SourceTitle "EXT 2019"]
[Source "ChessBase"]
[SourceDate "2018.10.10"]
[SourceVersion "1"]
[SourceVersionDate "2018.10.10"]
[SourceQuality "1"]

1. d4 Nf6 2. c4 e6 3. Nf3 b6 4. g3 Bb7 5. Bg2 Be7 6. 0-0 c5 7. Nc3 cxd4 8. Qxd4 0-0 9. Bf4 d6 10. Qd2 Ne4 11. Nxe4 Bxe4 12. Rfd1 d5 13. Qc3 Qc8 14. Rac1 Na6 15. a3 Qb7 16. cxd5 Rac8 17. Qe1 Bxd5 18. Qf1 Bf6 19. Be5 Be7 20. b4 f6 21. Bf4 e5 22. Be3 Rcd8 23. Ne1 e4 24. Nc2 f5 25. Nd4 Nc7 26. Bf4 Bd6 27. Bxd6 Rxd6 28. Rxc7 Qxc7 29. Nb5 Qd7 30. Nxd6 Qxd6 31. Qe1 Qe6 32. Qd2 Rd8 33. e3 Rd7 34. Qc2 Kf7 35. Bf1 Kg6 36. Qc3 Qe7 37. Bb5 Rc7 38. Qb2 Bc4 39. Bxc4 Rxc4 40. Qd2 Rc6 41. Qd5 Rc3 42. a4 Rc7 43. Kg2 Kf6 44. Rd4 Rc8 45. Qd7 Qxd7 46. Rxd7 Rc4 47. Rxa7 Rxb4 48. h3 g5 49. Rxh7 Rb2 50. h4 gxh4 51. Rxh4 Rb4 52. Rh8 Rxa4 53. Rh6+ Kg5 54. Rxb6 Ra2 55. Rd6 Rb2 56. Rd1 Rc2 57. Rh1 Rb2 58. Rh4 Rc2 59. Rf4 Rc4 60. g4 fxg4 61. Kg3 Rc1 62. Rxg4+ Kf5 63. Rf4+ Ke5 64. Kg2 Rc7 65. Kf1 Rc2 66. Rf8 Rb2 67. Rh8 Kf5 68. Rh5+ Ke6 69. Kg2 Rb7 70. Kg3 Rf7 71. Rg5 Rf3+ 72. Kg2 Rf7 73. Rh5 Rf6 74. Rh3 Rf7 75. Kf1 Rc7 76. Rh4 Ke5 77. Rf4 Rc1+ 78. Kg2 Rc7 1/2-1/2

[Event "South America-ch U14 Girls 13th"]
[Site "Santiago de Chile"]
[Date "2016.12.03"]
[Round "4"]
[White "Penafiel Mendoza, Josselyne Stefania"]
[Black "Gomez Barrera, Javiera Belen"]
[Result "0-1"]
[WhiteElo "1774"]
[BlackElo "1986"]
[PlyCount "78"]
[EventDate "2016.12.01"]
[EventType "swiss"]
[EventRounds "9"]
[EventCountry "CHI"]
[SourceTitle "EXT 2018"]
[Source "ChessBase"]
[SourceDate "2017.10.13"]
[SourceVersion "1"]
[SourceVersionDate "2017.10.13"]
[SourceQuality "1"]

1. c4 Nf6 2. d4 g6 3. Nc3 Bg7 4. e4 d6 5. Be2 0-0 6. Nf3 e5 7. d5 Nbd7 8. Be3 a5 9. Nd2 Ne8 10. 0-0 f5 11. f3 f4 12. Bf2 g5 13. a3 h5 14. b4 axb4 15. axb4 Rxa1 16. Qxa1 Rf6 17. c5 Rg6 18. c6 Nf8 19. cxb7 Bxb7 20. Qa7 Bc8 21. Qb8 Nd7 22. Qa8 Bf6 23. Nb5 Nb6 24. Qa7 Bd7 25. Rc1 Nc8 26. Qb7 g4 27. Nxc7 g3 28. hxg3 fxg3 29. Be1 Bg5 30. Nxe8 Be3+ 31. Kf1 h4 32. Nf6+ Rxf6 33. Rc7 Nb6 34. Nc4 h3 35. Bxg3 Nxc4 36. Bxc4 Qf8 37. Be2 Rg6 38. Rc3 Rxg3 39. Rxe3 h2 0-1

[Event "ECU pre olympic (Women)"]
[Site "Duran"]
[Date "2016.05.14"]
[Round "9"]
[White "Penafiel Mendoza, Josselyne Stefania"]
[Black "Bosch Garcia, Jacqueline"]
[Result "0-1"]
[WhiteElo "1747"]
[BlackElo "2082"]
[PlyCount "50"]
[EventDate "2016.05.09"]
[EventType "tourn"]
[EventRounds "11"]
[EventCountry "ECU"]
[SourceTitle "CBM 172 Extra"]
[Source "ChessBase"]
[SourceDate "2016.06.21"]
[SourceVersion "1"]
[SourceVersionDate "2016.06.21"]
[SourceQuality "1"]

1. d4 Nf6 2. c4 b6 3. Nc3 Bb7 4. Bg5 e6 5. e3 h6 6. Bh4 Bb4 7. f3 c5 8. Rc1 0-0 9. Bd3 cxd4 10. exd4 d5 11. Nge2 dxc4 12. Bxc4 Nc6 13. 0-0 Rc8 14. Bb3 Na5 15. Bc2 Ba6 16. Bd3 Bxd3 17. Qxd3 Be7 18. Bf2 Qd6 19. Ne4 Qd7 20. N2c3 Rfd8 21. Rfd1 Nc6 22. Qe2 Nb4 23. Nd2 Nbd5 24. Nc4 Nxc3 25. bxc3 Qb5 0-1

[Event "South America-ch U14 Girls 12th"]
[Site "Santa Cruz"]
[Date "2015.12.06"]
[Round "7"]
[White "Penafiel Mendoza, Josselyne Stefania"]
[Black "Campos Toledo, Andrea Celeste"]
[Result "1-0"]
[WhiteElo "1696"]
[BlackElo "1432"]
[PlyCount "69"]
[EventDate "2015.12.02"]
[EventType "swiss"]
[EventRounds "9"]
[EventCountry "BOL"]
[SourceTitle "CBM 170 Extra"]
[Source "ChessBase"]
[SourceDate "2016.02.25"]
[SourceVersion "1"]
[SourceVersionDate "2016.02.25"]
[SourceQuality "1"]

1. d4 Nf6 2. Nf3 e6 3. Bg5 d5 4. e3 Nbd7 5. c4 h6 6. Bh4 Bb4+ 7. Nbd2 0-0 8. a3 Bxd2+ 9. Qxd2 Ne4 10. Qc2 Ndf6 11. Bd3 Nd6 12. Bxf6 Qxf6 13. cxd5 exd5 14. Qxc7 b6 15. Qc2 Bg4 16. Ne5 Be6 17. Qe2 Rac8 18. Ba6 Rc7 19. 0-0 Qe7 20. Rac1 Bc8 21. Nc6 Qd7 22. Nb4 Bxa6 23. Rxc7 Qxc7 24. Qxa6 Ra8 25. Nxd5 Qc4 26. Qxc4 Nxc4 27. Rb1 b5 28. b3 Nxa3 29. Ra1 Rd8 30. Rxa3 Rxd5 31. Rxa7 g5 32. Kf1 f5 33. Rc7 Kf8 34. Rc5 Rxc5 35. dxc5 1-0

[Event "South America-ch U14 Girls 12th"]
[Site "Santa Cruz"]
[Date "2015.12.06"]
[Round "8"]
[White "Penafiel Mendoza, Josselyne Stefania"]
[Black "Hilario Huaranca, Aleyla Karen"]
[Result "1-0"]
[WhiteElo "1696"]
[BlackElo "1723"]
[PlyCount "73"]
[EventDate "2015.12.02"]
[EventType "swiss"]
[EventRounds "9"]
[EventCountry "BOL"]
[SourceTitle "CBM 170 Extra"]
[Source "ChessBase"]
[SourceDate "2016.02.25"]
[SourceVersion "1"]
[SourceVersionDate "2016.02.25"]
[SourceQuality "1"]

1. d4 Nf6 2. Nf3 d5 3. c4 e6 4. Bg5 Be7 5. Nc3 0-0 6. e3 a6 7. Qc2 Nbd7 8. cxd5 exd5 9. Bd3 c6 10. 0-0 Re8 11. Rab1 Ne4 12. Bxe4 dxe4 13. Nxe4 Nf8 14. Bxe7 Qxe7 15. Ng3 Be6 16. a3 a5 17. Rbc1 Ng6 18. Qc5 Qc7 19. Ng5 Rad8 20. Nxe6 fxe6 21. Qc4 Kh8 22. f4 Qd6 23. Rc3 Ne7 24. Rb3 Qc7 25. e4 Qd6 26. Rxb7 Rb8 27. Rxb8 Rxb8 28. b3 Ng6 29. e5 Qxa3 30. Qxe6 Qb4 31. Nf5 a4 32. bxa4 Qxa4 33. Qd7 Rg8 34. e6 Qc2 35. e7 Qe4 36. Nd6 Qxd4+ 37. Kh1 1-0